[Event "Chicago Open 2013"]
[Site "Wheeling USA"]
[Date "2013.05.27"]
[Round "9.3"]
[White "Akobian,V"]
[Black "Kekelidze,M"]
[Result "1/2-1/2"]
[WhiteElo "2616"]
[BlackElo "2509"]

1.d4 Nf6 2.c4 c5 3.d5 d6 4.Nc3 g6 5.e4 Bg7 6.h3 O-O 7.Nf3 Nh5 8.Bg5 Qb6 9.Qd2 e6
10.dxe6 Bxe6 11.Be2 Nc6 12.O-O Nd4 13.Nxd4 cxd4 14.Na4 Qc6 15.b3 f5 16.exf5 Bxf5
17.Bf3 Be4 18.Bxe4 Qxe4 19.Rae1 Qc6 20.Nb2 d5 21.Re7 Rae8 22.Rfe1 dxc4 23.Nxc4 Rxe7
24.Rxe7 b5 25.Nb2 Rf7 26.Rxf7 Kxf7 27.Nd3 Qe4 28.Qc2 h6 29.Bc1 Kg8 30.f3 Qe6
31.Kf2 Kh7 32.g4 Qd6 33.Kf1 Nf6 34.Bf4 Qe6 35.Qe2 Qc6 36.Ne5 Qe8 37.Nd3 Qc6
38.Ne5 Qe8 39.Nd3 Qc8 40.Bd2 Nd5 41.h4 h5 42.gxh5 Qh3+ 43.Kg1 Qg3+ 44.Kf1 gxh5
45.Qe4+ Qg6 46.Qxd5 Qxd3+ 47.Ke1 Qg6 48.Ke2 a6 49.Be1 Qc2+ 50.Bd2 Qg6 51.Be1 Qc2+
52.Bd2 Qg6 53.Be1 Qc2+ 54.Bd2 Qg6 55.Be1  1/2-1/2

[Event "National Open 2013"]
[Site "Las Vegas USA"]
[Date "2013.06.08"]
[Round "4"]
[White "Landaw,J"]
[Black "Akobian,V"]
[Result "0-1"]
[WhiteElo "2314"]
[BlackElo "2609"]

1.e4 d6 2.Nc3 e5 3.g3 c6 4.Bg2 h5 5.d4 h4 6.dxe5 dxe5 7.Qxd8+ Kxd8 8.Nf3 hxg3
9.hxg3 Rxh1+ 10.Bxh1 f6 11.Be3 Be6 12.Nh4 Nd7 13.O-O-O Bb4 14.Ne2 Ne7 15.a3 Ba5
16.f4 Kc7 17.fxe5 Nxe5 18.Nd4 Bg4 19.Rf1 Bb6 20.Nhf5 Nxf5 21.exf5 Kd7 22.Be4 Rh8
23.c3 Rh2 24.Bg1 Rh3 25.Ne6 g5 26.Bxb6 axb6 27.Rg1 Nc4 28.Nd4 Nd6 29.Bd3 c5
30.Nc2 Nxf5 31.Bxf5+ Bxf5 32.Ne3 Be6 33.Kd2 f5 34.Rf1 Rxg3 35.Nxf5 Rg2+ 36.Kc1 Bxf5
37.Rxf5 Ke6 38.Rf8 g4 39.Rb8 g3 40.Rg8 c4 41.Kb1 Kf5 42.Rg7 Kf4 43.Rf7+ Ke3
44.Re7+ Kf2 45.Rf7+ Ke1 46.Rxb7 Re2 47.Rxb6 g2 48.Rg6 Kf1 49.a4 g1=Q 50.Rxg1+ Kxg1
51.Ka2 Kf2 52.Ka3 Ke3  0-1

[Event "US Chess League 2013"]
[Site "chess.com INT"]
[Date "2013.09.18"]
[Round "4"]
[White "Kekelidze,M"]
[Black "Akobian,V"]
[Result "0-1"]
[WhiteElo "2470"]
[BlackElo "2625"]

1.d4 Nf6 2.c4 e6 3.Nc3 Bb4 4.g3 O-O 5.Bg2 d5 6.Nf3 c6 7.O-O Nbd7 8.Nd2 Re8
9.e4 e5 10.exd5 exd4 11.Nce4 cxd5 12.cxd5 b6 13.Qa4 a5 14.Nxf6+ Nxf6 15.Nf3 Ba6
16.Rd1 d3 17.a3 Bc5 18.Ne1 Qe7 19.Bg5 Qe2 20.Rd2 Bxf2+ 21.Kh1 Qh5 22.Bxf6 Bxe1
23.g4 Qh6 24.Rdd1 Bg3 25.h3 Qxf6 26.Rf1 Qd6 27.Rf5 d2  0-1

[Event "US Chess League 2013"]
[Site "chess.com INT"]
[Date "2013.09.25"]
[Round "5"]
[White "Akobian,V"]
[Black "Schroer,J"]
[Result "1-0"]
[WhiteElo "2625"]
[BlackElo "2359"]

1.d4 Nf6 2.c4 e6 3.Nf3 b6 4.g3 Ba6 5.Qa4 Bb7 6.Bg2 c5 7.dxc5 bxc5 8.O-O Be7
9.Nc3 O-O 10.Rd1 Qb6 11.Bf4 Rd8 12.Rab1 Bc6 13.Qc2 Qb7 14.a3 Na6 15.h3 d6
16.b3 h6 17.g4 Ne4 18.Nxe4 Bxe4 19.Ne1 d5 20.Bxe4 dxe4 21.Be5 Rxd1 22.Rxd1 Rd8
23.Rxd8+ Bxd8 24.Ng2 Bc7 25.Bc3 Qc6 26.Ne3 Nb8 27.b4 a6 28.Qb2 Qd6 29.Nf1 f6
30.b5 Nd7 31.Qd2 axb5 32.cxb5 Nb6 33.Qxd6 Bxd6 34.Nd2 f5 35.Ba5 Na4 36.Nc4 Bb8
37.f3 exf3 38.exf3 Kf7 39.Kf2 g6 40.Ke3 e5 41.gxf5 gxf5 42.Kd3 Ke6 43.Kc2 e4
44.fxe4 fxe4 45.Kb3 Kd5 46.Ne3+ Kd4 47.Nc2+ Kd3 48.Ne1+ Ke2 49.Kxa4 c4 50.b6 e3
51.Kb5 Bg3 52.Kxc4 Bxe1 53.Bxe1 Kxe1 54.b7 e2 55.b8=Q  1-0

[Event "US Chess League 2013"]
[Site "chess.com INT"]
[Date "2013.10.03"]
[Round "6"]
[White "Molner,M"]
[Black "Akobian,V"]
[Result "1/2-1/2"]
[WhiteElo "2506"]
[BlackElo "2625"]

1.Nf3 Nf6 2.c4 e6 3.d4 b6 4.g3 Bb7 5.Bg2 Bb4+ 6.Nbd2 O-O 7.O-O Bxd2 8.Bxd2 d6
9.Rc1 Nbd7 10.Qa4 a5 11.Rfd1 Qe7 12.Bg5 h6 13.Bxf6 Nxf6 14.c5 Bd5 15.cxb6 cxb6
16.Ne1 Bxg2 17.Nxg2 Rac8 18.Qb5 Qb7 19.Nf4 Qe4 20.Qd3 Qb7 21.Qb5 Qe4 22.Qd3 Qb7
23.Qb5  1/2-1/2

[Event "US Chess League 2013"]
[Site "chess.com INT"]
[Date "2013.10.09"]
[Round "7"]
[White "Akobian,V"]
[Black "Izoria,Z"]
[Result "0-1"]
[WhiteElo "2625"]
[BlackElo "2562"]

1.d4 Nf6 2.c4 g6 3.Nc3 d5 4.cxd5 Nxd5 5.e4 Nxc3 6.bxc3 Bg7 7.Bc4 c5 8.Ne2 Nc6
9.Be3 O-O 10.O-O Bg4 11.f3 Bd7 12.Qd2 Rc8 13.Rac1 Qa5 14.Qb2 cxd4 15.cxd4 Qb4
16.Qxb4 Nxb4 17.a3 Nc6 18.Bd3 Rfd8 19.Kf2 e6 20.Bg5 Re8 21.Be3 Red8 22.Rc2 Bf8
23.Rb1 Na5 24.Bg5 Ba4 25.Rcc1 Re8 26.Bf4 a6 27.Rb6 Rxc1 28.Bxc1 Rc8 29.Bb2 Nc4
30.Bxc4 Rxc4 31.Nc3 Bc6 32.Ke3 Bxa3 33.Na2 Be7 34.Kd3 Bb5 35.Kd2 Bg5+ 36.Kd1 Ba4+
37.Ke1 Rc2 38.Rxb7 Bd2+  0-1

[Event "US Chess League 2013"]
[Site "chess.com INT"]
[Date "2013.10.17"]
[Round "8"]
[White "Becerra Rivero,J"]
[Black "Akobian,V"]
[Result "1/2-1/2"]
[WhiteElo "2547"]
[BlackElo "2625"]

1.e4 c6 2.d4 d5 3.Nc3 dxe4 4.Nxe4 Bf5 5.Ng3 Bg6 6.h4 h6 7.Nf3 Nd7 8.h5 Bh7
9.Bd3 Bxd3 10.Qxd3 e6 11.Bf4 Qa5+ 12.Bd2 Qc7 13.O-O-O Ngf6 14.Ne4 Nxe4 15.Qxe4 Nf6
16.Qe2 Be7 17.Kb1 Rd8 18.g4 c5 19.dxc5 Qxc5 20.Ne5 Rd5 21.f4 Qc7 22.Bc1 Bd6
23.Ng6 fxg6 24.Qxe6+ Qe7 25.Qc8+ Qd8 26.Qxd8+ Kxd8 27.Rxd5 Nxd5 28.Rd1 Nf6
29.Rxd6+ Ke7 30.Rd4 gxh5 31.gxh5 Nxh5 32.Rb4 Rb8 33.Be3 b6 34.a4 Nf6 35.Rb5 Rd8
36.c4 Rd3 37.Re5+ Kf7 38.Kc2 Rd7 39.Rb5 Rd6 40.a5 Nd7 41.Kc3 g6 42.axb6 axb6
43.b4 Ke6 44.Bd4 Rc6 45.Bg7 h5 46.Rg5 Kf7 47.Bd4 Nf6 48.Kd3 h4 49.Rg2 Nh5
50.Rg4 h3 51.Rh4 Ke6 52.Be3 Kf5 53.Rxh3 Nxf4+ 54.Bxf4 Kxf4 55.Rh6 Ke5 56.Rh8 g5
57.Rg8 Kf4 58.Kd4 Rd6+ 59.Kc3 g4 60.c5 bxc5 61.bxc5 Rd1 62.Kc4 g3 63.c6 Rc1+
64.Kd5 Kf3 65.Kd6 g2 66.c7 Kf2 67.Rxg2+ Kxg2 68.Kd7 Kf3 69.c8=Q Rxc8 70.Kxc8  1/2-1/2

[Event "US Chess League 2013"]
[Site "chess.com INT"]
[Date "2013.10.23"]
[Round "9"]
[White "Akobian,V"]
[Black "Holt,C"]
[Result "1-0"]
[WhiteElo "2625"]
[BlackElo "2539"]

1.d4 d5 2.c4 c6 3.cxd5 cxd5 4.Nf3 Nf6 5.Nc3 Nc6 6.Bf4 Nh5 7.Bg5 h6 8.Bd2 e6
9.e3 Nf6 10.Ne5 Nxe5 11.dxe5 Nd7 12.f4 Be7 13.Qc2 a6 14.Rc1 O-O 15.Bd3 b6
16.Ne2 Bb7 17.b4 Rc8 18.Qb1 Rxc1+ 19.Bxc1 Bh4+ 20.g3 Be7 21.Nd4 Nb8 22.O-O b5
23.a3 Nc6 24.Bb2 Qb6 25.Rc1 Rc8 26.Kf2 Nxd4 27.Bxd4 Qd8 28.Ke2 Kf8 29.Rxc8 Qxc8
30.Kd2 Qc6 31.h4 h5 32.Qd1 g6 33.g4 hxg4 34.Qxg4 Bd8 35.h5 gxh5 36.Qxh5 Bb6
37.f5 exf5 38.Qh8+ Ke7 39.Qf6+ Qxf6 40.exf6+ Ke6 41.Bxb6 Kxf6 42.Kc3 Ke5
43.Bc7+ Ke6 44.Kd4 f6 45.Kc5 Bc8 46.Bf4 d4  1-0

[Event "World Teams 2013"]
[Site "Antalya TUR"]
[Date "2013.12.04"]
[Round "8.3"]
[White "Akobian,V"]
[Black "Can,E"]
[Result "1-0"]
[WhiteElo "2625"]
[BlackElo "2519"]

1.d4 g6 2.c4 Nf6 3.f3 Bg7 4.e4 d6 5.Ne2 a6 6.Nec3 c6 7.a4 a5 8.Be3 O-O 9.Na3 Na6
10.Be2 e5 11.dxe5 dxe5 12.Qxd8 Rxd8 13.Bb6 Re8 14.Bxa5 Nd7 15.Nc2 Bf8 16.Nb1 Nac5
17.Bb4 Rxa4 18.Rxa4 Nxa4 19.Bxf8 Nxf8 20.b3 Nc5 21.b4 Na4 22.Kf2 c5 23.bxc5 Be6
24.Nb4 Nxc5 25.Nc3 Nfd7 26.Ra1 Rc8 27.Ra7 Nb8 28.Ncd5 Kg7 29.Ra5 Nbd7 30.Ra7 Nb8
31.Ra5 Nbd7 32.Ra3 Rf8 33.Ke3 Rc8 34.Ra7 Kf8 35.Ra3 Kg7 36.Ra7 Kf8 37.g4 h6
38.h4 g5 39.h5 Nb8 40.Ra5 Nbd7 41.Bd1 Kg7 42.Bc2 Kf8 43.Ra7 Kg7 44.Nd3 Nxd3
45.Bxd3 Nc5 46.Bc2 Rc6 47.Ra5 Na6 48.Bd3 Nc5 49.Bc2 Na6 50.Bb3 Rc5 51.Ra4 Rc8
52.Ra5 Rc5 53.Ra3 Rc8 54.Kd2 Nc5 55.Bc2 Nd7 56.Bd3 Kf8 57.Ra5 Nc5 58.Kc3 Na6
59.Rb5 Nc5 60.Bc2 Bd7 61.Ra5 Be6 62.Nb6 Rc6 63.Nd5 Rc8 64.Kb2 Na6 65.Bb3 Rc5
66.Ra3 Bc8 67.Kc3 b5 68.Kd3 Nc7 69.Ra7 bxc4+ 70.Bxc4 Ne6 71.Nb6 Rc6 72.Nxc8 Rxc8
73.Bxe6 fxe6 74.Rh7 Ra8 75.Rh8+  1-0

[Event "World Teams 2013"]
[Site "Antalya TUR"]
[Date "2013.12.05"]
[Round "9.3"]
[White "Sokolov,Ivan"]
[Black "Akobian,V"]
[Result "1-0"]
[WhiteElo "2625"]
[BlackElo "2625"]

1.d4 Nf6 2.c4 e6 3.Nf3 b6 4.Nc3 Bb4 5.e3 Bb7 6.Bd3 O-O 7.O-O d5 8.cxd5 exd5
9.a3 Bd6 10.b4 a6 11.Qb3 Nbd7 12.a4 Re8 13.Ba3 c6 14.b5 Qe7 15.bxc6 Bxc6
16.Rfc1 g6 17.h3 Rec8 18.Ne5 Nxe5 19.dxe5 Qxe5 20.Bxd6 Qxd6 21.Qxb6 Nd7 22.Qd4 Nc5
23.Ne4 Nxe4 24.Bxe4 a5 25.Rc5 Rab8 26.Bxd5 Bxd5 27.Rxd5 Qb4 28.Qe5 Qb2 29.Qxb2 Rxb2
30.Rxa5 Rcc2 31.Rb5 Rxf2 32.Rxb2 Rxb2 33.a5 Rb7 34.a6 Ra7 35.Kf2 Kg7 36.Ke2 Kf6
37.Kd3 Ke5 38.Kc4 Kd6 39.Kb5 Kc7 40.Rd1 h5 41.h4 Ra8 42.Rc1+ Kd7 43.Ra1 Kc7
44.a7 Kb7 45.e4 Re8 46.a8=Q+ Rxa8 47.Rxa8 Kxa8 48.Kc6  1-0

[Event "23rd North American Open 2013"]
[Site "Las Vegas USA"]
[Date "2013.12.26"]
[Round "2.2"]
[White "Akobian,V"]
[Black "Bryant,J"]
[Result "1-0"]
[WhiteElo "2625"]
[BlackElo "2401"]

1.d4 Nf6 2.c4 c5 3.d5 e6 4.Nc3 exd5 5.cxd5 d6 6.Nf3 g6 7.Bf4 Bg7 8.Qa4+ Bd7
9.Qb3 Qc7 10.e4 O-O 11.Be2 b5 12.Bxb5 Nxe4 13.Nxe4 Qa5+ 14.Bd2 Qxb5 15.Qxb5 Bxb5
16.Nxd6 Bd3 17.Bc3 Bxc3+ 18.bxc3 Nd7 19.c4 Nb6 20.Rc1 Rfd8 21.Kd2 Rxd6 22.Kxd3 Na4
23.Rhe1 Nb2+ 24.Kc3 Rb8 25.Rc2 Na4+ 26.Kd2 Ra6 27.Ne5 Nb2 28.Kc1 Na4 29.Nc6 Rb7
30.Re7 Rxe7 31.Nxe7+ Kf8 32.Nc6 Nb6 33.Kb2 Nc8 34.Ne5 Ke8 35.Re2 Nd6 36.Nd3+ Kd8
37.Nxc5 Ra5 38.Nb3 Nxc4+ 39.Kc3 Ra4 40.Nc5  1-0

[Event "23rd North American Open 2013"]
[Site "Las Vegas USA"]
[Date "2013.12.27"]
[Round "3.2"]
[White "Esserman,M"]
[Black "Akobian,V"]
[Result "1/2-1/2"]
[WhiteElo "2447"]
[BlackElo "2625"]

1.e4 c6 2.d4 d5 3.e5 Bf5 4.Nf3 e6 5.Be2 Nd7 6.O-O Ne7 7.h3 c5 8.c4 dxc4 9.Bxc4 a6
10.Nc3 Nc6 11.Bg5 Be7 12.Bxe7 Qxe7 13.d5 Ncxe5 14.Nxe5 Nxe5 15.Qa4+ Kf8 16.Rfe1 Nxc4
17.Qxc4 h5 18.dxe6 Bxe6 19.Qf4 Qf6 20.Qd6+ Qe7 21.Qf4 Rd8 22.Rad1 Rxd1 23.Rxd1 g5
24.Qe3 Rh6 25.Re1 b5 26.Qe5 g4 27.h4 Qxh4 28.Qxc5+ Qe7 29.Qe3 Rg6 30.Nd5 Qd8
31.Qc5+ Kg7 32.Nf4 Rg5 33.Nxe6+ fxe6 34.Qa7+ Kf6 35.Qxa6 Qd5 36.Qc8 Rf5 37.Qf8+ Kg6
38.Qg8+ Kf6 39.Qh8+ Kg6 40.Qg8+ Kf6 41.b3 Qd6 42.Qh8+ Kg6 43.Qe8+ Kf6 44.a4 bxa4
45.bxa4 Qb6  1/2-1/2

[Event "23rd North American Open 2013"]
[Site "Las Vegas USA"]
[Date "2013.12.27"]
[Round "4.4"]
[White "Akobian,V"]
[Black "Wang Chen"]
[Result "1/2-1/2"]
[WhiteElo "2625"]
[BlackElo "2503"]

1.d4 d5 2.c4 e6 3.Nc3 Nf6 4.cxd5 exd5 5.Bg5 c6 6.Qc2 Na6 7.a3 Nc7 8.e3 Be7
9.Bd3 Ne6 10.Bh4 g6 11.Nge2 O-O 12.O-O Ng7 13.f3 Bf5 14.e4 Be6 15.Rad1 Nfh5
16.Bxe7 Qxe7 17.e5 f5 18.f4 Bd7 19.b4 a6 20.Na4 Ne6 21.Nc5 Nxc5 22.Qxc5 Kf7
23.Rb1 Ng7 24.Nc1 Ne6 25.Qc3 Rfc8 26.Nb3 b6 27.Qd2 h5 28.Rfc1 Ra7 29.a4 a5
30.bxa5 bxa5 31.Nc5 Nxc5 32.Rxc5 Qd8 33.h3 Rb8 34.Rxb8 Qxb8 35.Rxa5 Rxa5
36.Qxa5 Qb3 37.Qd2 Qxa4 38.Be2 Qa3 39.Bf3 Be6 40.Kh2 c5 41.dxc5 Qxc5 42.Qe1 Qe7
43.Qf2 h4 44.Qd4 Qb7 45.Qf2 Qe7 46.Qb6 Qd7 47.Qf2  1/2-1/2

[Event "23rd North American Open 2013"]
[Site "Las Vegas USA"]
[Date "2013.12.28"]
[Round "6.6"]
[White "Akobian,V"]
[Black "Mulyar,M"]
[Result "1-0"]
[WhiteElo "2625"]
[BlackElo "2423"]

1.d4 d5 2.c4 c6 3.Nc3 Nf6 4.e3 e6 5.Nf3 Nbd7 6.Qc2 Bd6 7.Bd3 O-O 8.O-O dxc4
9.Bxc4 b5 10.Be2 Bb7 11.Rd1 Qc7 12.e4 e5 13.Bg5 exd4 14.Rxd4 Ne5 15.g3 Nxf3+
16.Bxf3 Qe7 17.Rad1 Rad8 18.Be3 a6 19.Ne2 Rfe8 20.Nf4 Bxf4 21.Rxd8 Rxd8 22.Rxd8+ Qxd8
23.Bxf4 Qe7 24.Bg2 c5 25.f3 c4 26.Qd2 h6 27.Qd6 Qxd6 28.Bxd6 Ne8 29.Bb8 g5
30.Kf2 Ng7 31.Ke3 Ne6 32.Bd6 Kg7 33.Bh3 Bc8 34.f4 gxf4+ 35.gxf4 f6 36.Bg4 Bd7
37.h3 Kg8 38.Bf5 a5 39.Bg4 Kf7 40.a3 Bc6 41.h4 Nd8 42.f5 Kg7 43.Bc7 Nb7 44.Kd4 Kf7
45.Be2 a4 46.e5 fxe5+ 47.Kxe5 Be8 48.f6 Kf8 49.Bf3 b4 50.Bxb7 c3 51.bxc3 b3
52.Be4  1-0

[Event "23rd North American Open 2013"]
[Site "Las Vegas USA"]
[Date "2013.12.29"]
[Round "7.3"]
[White "Kacheishvili,G"]
[Black "Akobian,V"]
[Result "1/2-1/2"]
[WhiteElo "2578"]
[BlackElo "2625"]

1.d4 Nf6 2.c4 e6 3.Nc3 Bb4 4.e3 O-O 5.Bd3 d5 6.Nf3 c5 7.O-O dxc4 8.Bxc4 cxd4
9.exd4 b6 10.Bg5 Bb7 11.Re1 Nbd7 12.Rc1 Rc8 13.Bd3 Bxc3 14.bxc3 Qc7 15.c4 Rfe8
16.h3 h6 17.Bd2 e5 18.Nxe5 Nxe5 19.dxe5 Rxe5 20.Qb3 Qc6 21.Bf1 Ne4 22.Bf4 Rf5
23.Be3 Ng3 24.Qd3 Nxf1 25.Qxf1 Ra5 26.c5 bxc5 27.f3 c4 28.Qf2 a6 29.Bd4 Rg5
30.Re5 Rxe5 31.Bxe5 Qg6 32.Rc3 f6 33.Bd4 Bd5 34.Re3 Bf7 35.Kh2 Rd8 36.Bc3 Rd3
37.Rxd3 cxd3 38.a4 Qf5 39.Qd4 h5 40.h4 Kh7 41.Kg3 Bg6 42.a5 Qe6 43.Kf2 Bf5
44.Kg3 Qc8 45.Bd2 Kg6 46.Kf2 Qe6 47.Qe3  1/2-1/2

[Event "23rd North American Open 2013"]
[Site "Las Vegas USA"]
[Date "2013.12.30"]
[Round "9.3"]
[White "Akobian,V"]
[Black "Wei Yi"]
[Result "1/2-1/2"]
[WhiteElo "2625"]
[BlackElo "2604"]

1.d4 Nf6 2.c4 g6 3.Nc3 d5 4.cxd5 Nxd5 5.e4 Nxc3 6.bxc3 Bg7 7.Nf3 c5 8.Bb5+ Nc6
9.O-O cxd4 10.cxd4 O-O 11.Be3 Bg4 12.Bxc6 bxc6 13.Rc1 Rc8 14.Rc5  1/2-1/2

[Event "UT Dallas Spring Int 2014"]
[Site "Dallas USA"]
[Date "2014.03.09"]
[Round "2"]
[White "Vibbert,Sean"]
[Black "Akobian,V"]
[Result "0-1"]
[WhiteElo "2334"]
[BlackElo "2632"]

1.e4 c6 2.d4 d5 3.Nc3 dxe4 4.Nxe4 Bf5 5.Ng3 Bg6 6.h4 h6 7.Nf3 Nd7 8.h5 Bh7
9.Bd3 Bxd3 10.Qxd3 e6 11.Bd2 Ngf6 12.O-O-O Be7 13.Ne4 Nxe4 14.Qxe4 Nf6 15.Qe2 Qd5
16.c4 Qe4 17.Qxe4 Nxe4 18.Be1 Bf6 19.Ne5 Rd8 20.f3 Nd6 21.b3 Nf5 22.Bf2 c5
23.g4 Nxd4 24.Bxd4 Bg5+ 25.Kb1 cxd4 26.Nd3 Be3 27.Nb4 O-O 28.Rhe1 f5 29.gxf5 exf5
30.Nd5 f4 31.a4 Rde8 32.Rh1 Re5 33.Kc2 Rff5 34.a5 Rxh5 35.a6 b5 36.Ne7+ Kh7
37.Rxh5 Rxh5 38.Kd3 bxc4+ 39.bxc4 Ra5 40.Rb1 Ra3+ 41.Ke4 d3 42.Nd5 d2 43.Rd1 g5
44.c5 Rxa6 45.Kf5 Rc6 46.Rb1 Bxc5 47.Nf6+ Kg7 48.Rb7+ Kf8 49.Kg6 Rxf6+ 50.Kxf6 Bd4+  0-1

[Event "UT Dallas Spring Int 2014"]
[Site "Dallas USA"]
[Date "2014.03.09"]
[Round "3"]
[White "Akobian,V"]
[Black "Perelshteyn,E"]
[Result "1-0"]
[WhiteElo "2632"]
[BlackElo "2518"]

1.d4 Nf6 2.c4 e6 3.Nc3 Bb4 4.Qc2 Nc6 5.Nf3 d6 6.a3 Bxc3+ 7.Qxc3 O-O 8.g3 e5
9.Bg2 Qe7 10.d5 Nb8 11.O-O a5 12.b3 Bg4 13.h3 Bh5 14.g4 Bg6 15.Nh4 Nbd7 16.Nxg6 fxg6
17.Be3 h6 18.b4 axb4 19.axb4 Qf7 20.Rxa8 Rxa8 21.Ra1 Rxa1+ 22.Qxa1 b6 23.Qa7 Nf8
24.g5 hxg5 25.Bxg5 N8h7 26.Be3 Nf8 27.Qb8 Qd7 28.Kh2 Qf7 29.Bf3 Qd7 30.Bg5 Qf5
31.Be3 Qd7 32.Kg1 Qf7 33.Bg4 Nxg4 34.hxg4 Qe7 35.Kg2 Kf7 36.f3 Nh7 37.Qc8 Nf8
38.Kf1 Qd7 39.Qb7 Qe7 40.Ke1 Nh7 41.Qc8 Nf8 42.Kd2 Qd7 43.Qb8 Nh7 44.Qa7 Qe7
45.Qb7 Nf6 46.Qc8 Qd7 47.Qxd7+ Nxd7 48.g5 Ke7 49.Kd3 Nb8 50.Ke4 Na6 51.Bd2 Kd7
52.Bc3 Ke7 53.f4 exf4 54.Kxf4 Kf7 55.e4 Ke7 56.e5 dxe5+ 57.Kxe5 Kd7 58.Ke4 Ke7
59.Bd2 Kd6 60.Kd4 Kd7 61.Kc3 Ke7 62.Bf4 Kd7 63.Be5 Kd8 64.Bxg7 Ke7 65.Be5 Kd7
66.Bf4 Kd8 67.Bd2 Kd7 68.Kd4 Ke7 69.b5 Nb8 70.Bf4 Kd7 71.Bh2 Kd8 72.Ke5 Ke7
73.d6+ cxd6+ 74.Kd5 Nd7 75.Bxd6+ Kf7 76.Kc6 Ke6 77.Bc7 Nc5 78.Bxb6 Nb3 79.Be3 Na5+
80.Kc5  1-0

[Event "UT Dallas Spring Int 2014"]
[Site "Dallas USA"]
[Date "2014.03.10"]
[Round "5"]
[White "Akobian,V"]
[Black "Chirila,I"]
[Result "1-0"]
[WhiteElo "2632"]
[BlackElo "2521"]

1.d4 Nf6 2.c4 g6 3.Nc3 d5 4.Nf3 Bg7 5.h4 dxc4 6.e4 O-O 7.Bxc4 c5 8.d5 b5
9.Bxb5 Nxe4 10.Nxe4 Qa5+ 11.Nc3 Bxc3+ 12.bxc3 Qxb5 13.h5 Qc4 14.hxg6 fxg6
15.Rh4 Qxc3+ 16.Bd2 Qd3 17.Bg5 Qxd1+ 18.Rxd1 e6 19.d6 Nd7 20.Be3 Rf5 21.Ng5 Nf6
22.Rc1 Rd5 23.Rxc5 Rxd6 24.Bd4 Nh5 25.Be5 Rd5 26.Ne4 Bb7 27.g4 Rxe5 28.Rxe5 Nf4
29.Kd2 Rd8+ 30.Kc2 Rc8+ 31.Nc3 Nd5 32.Rh3 Rf8 33.Ne4 Nb4+ 34.Kb3 Nc6 35.Rc5 Nd4+
36.Kc4 Nf3 37.Nc3 Rf7 38.Kb4 Kg7 39.a4 e5 40.Nb5 e4 41.Nd6 Rd7 42.Nxb7 Rxb7+
43.Rb5 Rc7 44.g5 Nd4 45.Rd5 Rb7+ 46.Kc4 Nf3 47.Kc5 Ne1 48.Kc6 Re7 49.Kd6 Kf8
50.Re5 Rxe5 51.Kxe5 Nd3+ 52.Kd4 Kg8 53.Rh2 a5 54.f3  1-0

[Event "UT Dallas Spring Int 2014"]
[Site "Dallas USA"]
[Date "2014.03.11"]
[Round "6"]
[White "Akobian,V"]
[Black "Nyzhnyk,I"]
[Result "1-0"]
[WhiteElo "2632"]
[BlackElo "2629"]

1.d4 d5 2.c4 c6 3.Nc3 Nf6 4.Nf3 dxc4 5.a4 Bf5 6.Nh4 Bc8 7.Nf3 Bf5 8.Nh4 Bc8
9.e3 e5 10.Bxc4 e4 11.Qb3 Qc7 12.f3 g5 13.fxe4 gxh4 14.O-O Ng4 15.Bxf7+ Kd8
16.e5 Nd7 17.e4 Qb6 18.Bg5+ Kc7 19.Qxb6+ axb6 20.e6 Bg7 21.Bf4+ Kd8 22.Rad1 Bh6
23.exd7 Bxd7 24.h3  1-0

[Event "UT Dallas Spring Int 2014"]
[Site "Dallas USA"]
[Date "2014.03.12"]
[Round "7"]
[White "Margvelashvili,G"]
[Black "Akobian,V"]
[Result "1/2-1/2"]
[WhiteElo "2550"]
[BlackElo "2632"]

1.Nf3 Nf6 2.c4 e6 3.d4 Bb4+ 4.Bd2 Bxd2+ 5.Qxd2 d5 6.g3 O-O 7.Bg2 c6 8.O-O Nbd7
9.Rc1 b6 10.cxd5 cxd5 11.Na3 Ba6 12.Ne5 Nxe5 13.dxe5 Nd7 14.f4 Rc8  1/2-1/2

[Event "UT Dallas Spring Int 2014"]
[Site "Dallas USA"]
[Date "2014.03.12"]
[Round "8"]
[White "Akobian,V"]
[Black "Iotov,V"]
[Result "1/2-1/2"]
[WhiteElo "2632"]
[BlackElo "2569"]

1.d4 d5 2.c4 e6 3.Nc3 Bb4 4.Nf3 Nf6 5.cxd5 exd5 6.Bg5 Nbd7 7.e3 c5 8.Qc2 Qa5
9.Bd3 O-O 10.O-O c4 11.Bf5 Re8 12.Nd2 g6 13.Bh3 Bxc3 14.bxc3 Ne4 15.Nxe4 dxe4
16.Bxd7 Bxd7 17.Bf4 Qd5 18.a4 b6 19.Be5 Bc6 20.f3 exf3 21.gxf3 Rxe5 22.dxe5 Qxe5
23.e4 Qg5+ 24.Kh1 Rd8 25.Rad1 Rxd1 26.Qxd1 Qe3 27.a5 Qxc3 28.axb6 axb6 29.Qd8+ Kg7
30.Qxb6 Bd7 31.Kg2 h5 32.Qf2 Be6 33.Rd1 g5 34.Qd4+ Qxd4 35.Rxd4 Kf6 36.Kf2 Ke5
37.Ke3 h4 38.Rd1 f5 39.exf5 Bxf5 40.Rg1 Kf6 41.Kd4 Bd3 42.Ra1 Kf5 43.Ke3 Ke5
44.Ra5+ Kf6 45.Rc5 Bf1 46.Rc8 Bd3 47.Kd4 Ke6 48.Rg8 Kf6 49.Ke3 Kf5 50.Rf8+ Kg6
51.Rg8+ Kf5 52.Rf8+ Kg6 53.Rg8+ Kf5  1/2-1/2

[Event "UT Dallas Spring Int 2014"]
[Site "Dallas USA"]
[Date "2014.03.13"]
[Round "9"]
[White "Holt,C"]
[Black "Akobian,V"]
[Result "0-1"]
[WhiteElo "2555"]
[BlackElo "2632"]

1.d4 Nf6 2.c4 e6 3.Nf3 Bb4+ 4.Nbd2 b6 5.a3 Bxd2+ 6.Nxd2 Bb7 7.Qc2 c5 8.dxc5 bxc5
9.e3 O-O 10.b4 d6 11.Bb2 Nbd7 12.Bd3 Ne5 13.O-O Nxd3 14.Qxd3 Rc8 15.Rfd1 d5
16.b5 Qe7 17.cxd5 exd5 18.Rac1 Qe6 19.Qc3 Rfe8 20.h3 a6 21.a4 axb5 22.axb5 Qb6
23.Ba3 d4 24.exd4 cxd4 25.Qd3 Nd5 26.Rxc8 Rxc8 27.Nc4 Qxb5 28.Nd6 Qxd3 29.Rxd3 Nf4
30.Nxc8 Nxd3 31.Ne7+ Kh8 32.Nf5 Nf4 33.Nxd4 Nxg2 34.Bd6 h5 35.Kf1 Kh7  0-1

[Event "ch-USA 2014"]
[Site "Saint Louis USA"]
[Date "2014.05.08"]
[Round "1.3"]
[White "Akobian,V"]
[Black "Naroditsky,D"]
[Result "1/2-1/2"]
[WhiteElo "2643"]
[BlackElo "2543"]

1.d4 Nf6 2.c4 e6 3.Nc3 Bb4 4.Qc2 O-O 5.a3 Bxc3+ 6.Qxc3 d5 7.Nf3 dxc4 8.Qxc4 b6
9.Bg5 Ba6 10.Qc3 Nbd7 11.Ne5 Nxe5 12.dxe5 Ne4 13.Bxd8 Nxc3 14.Bh4 Nd5 15.g3 h6
16.e4 Bb7 17.exd5 Bxd5 18.Rg1 g5 19.Rc1 c5 20.Bxg5 hxg5 21.f4 f6 22.Be2 Rf7
23.Rc3 gxf4 24.gxf4+ Rg7 25.Rcg3 Rxg3 26.Rxg3+ Kf8 27.h4 fxe5 28.fxe5 Be4
29.Bf3 Bxf3 30.Rxf3+ Kg7 31.Rf6 Rh8 32.Rxe6 Rxh4 33.Kd2 Kf7 34.Rc6 Re4 35.Rc7+ Ke6
36.Rxa7 Kd5 37.Rb7 Kc6 38.Re7 Kd5 39.Rb7 Kc6 40.Re7 Kd5 41.Rd7+ Kxe5 42.Rb7 Kd4
43.Rxb6 Rh4 44.Kc2 c4 45.a4 Rh1 46.Rb5 Ra1 47.a5 Rh1 48.Rg5 Ra1 49.Rh5 Rg1
50.Rf5 Ra1 51.Rg5 Rh1 52.Rg8 Ra1 53.Ra8 Kc5 54.a6 Kb6 55.Kc3 Rc1+ 56.Kd2 Ra1
57.Kc3 Rc1+ 58.Kb4 Rc2 59.Ka3 Rh2 60.a7 Kb7 61.Rc8 Kxa7 62.Rxc4 Kb6 63.Rg4 Rh5
64.b3 Kb7 65.Rg6 Rf5 66.Ka4 Rh5 67.b4 Rf5 68.b5 Rf1 69.b6 Ra1+ 70.Kb5 Rb1+
71.Kc5 Rc1+ 72.Kd4 Rc6 73.Rxc6 Kxc6 74.b7 Kxb7  1/2-1/2

[Event "ch-USA 2014"]
[Site "Saint Louis USA"]
[Date "2014.05.09"]
[Round "2.4"]
[White "Molner,M"]
[Black "Akobian,V"]
[Result "1/2-1/2"]
[WhiteElo "2522"]
[BlackElo "2643"]

1.e4 c6 2.d4 d5 3.e5 Bf5 4.Nf3 e6 5.Be2 Nd7 6.O-O Ne7 7.Nbd2 Nc8 8.c3 Be7
9.Ne1 c5 10.g4 Bg6 11.f4 cxd4 12.cxd4 f5 13.Ng2 Qb6 14.Nb3 a5 15.a4 fxg4
16.Bxg4 O-O 17.Ne3 Be4 18.Bd2 Kh8 19.Bc3 g6 20.Nd2 Bf5 21.Bxf5 gxf5 22.Kh1 Qd8
23.Rg1 Qe8 24.Nf3 Qh5 25.Rg3 Rg8 26.Rxg8+ Kxg8 27.Qe2 Nf8 28.Rg1+ Ng6 29.Nf1 Na7
30.Qe3 Nc6 31.Ng5 Bxg5 32.Rxg5 Qd1 33.Rg1 Kf7 34.Nd2 Qh5 35.Nf3 Rg8 36.Ng5+ Ke7
37.Bd2 Nf8 38.Qa3+ Ke8 39.Qb3 h6 40.Nf3 Rxg1+ 41.Kxg1 Nd7 42.Kf2 Nxd4 43.Nxd4 Qxh2+
44.Kf3 Qh1+ 45.Kf2 Qh2+ 46.Kf3 Qh3+ 47.Kf2 Qh2+  1/2-1/2

[Event "ch-USA 2014"]
[Site "Saint Louis USA"]
[Date "2014.05.10"]
[Round "3.3"]
[White "Akobian,V"]
[Black "Onischuk,Al"]
[Result "1/2-1/2"]
[WhiteElo "2643"]
[BlackElo "2668"]

1.d4 Nf6 2.c4 e6 3.Nc3 Bb4 4.Qc2 d6 5.a3 Bxc3+ 6.Qxc3 Nbd7 7.Nf3 b6 8.g3 Bb7
9.Bg2 c5 10.O-O Rc8 11.Rd1 d5 12.cxd5 Bxd5 13.Bf4 O-O 14.Rac1 cxd4 15.Qxd4 Rxc1
16.Bxc1 Qc7 17.Bf4 Qb7 18.Rc1 Nc5 19.Qd1 Bb3 20.Qd4 Bd5 21.Qd1 Bb3 22.Qd4 Bd5  1/2-1/2

[Event "ch-USA 2014"]
[Site "Saint Louis USA"]
[Date "2014.05.11"]
[Round "4.5"]
[White "Akobian,V"]
[Black "Friedel,J"]
[Result "1/2-1/2"]
[WhiteElo "2643"]
[BlackElo "2505"]

1.d4 Nf6 2.c4 e6 3.Nf3 Bb4+ 4.Nbd2 O-O 5.a3 Be7 6.e3 c5 7.dxc5 a5 8.b3 Na6
9.b4 b6 10.Bb2 axb4 11.axb4 Bb7 12.Qb3 bxc5 13.b5 Nb4 14.Be2 Rxa1+ 15.Bxa1 d5
16.O-O Qb6 17.Bc3 Rd8 18.Ra1 h6 19.h3 dxc4 20.Qxc4 Bd5 21.Qf4 Nh5 22.Qg4 Nf6
23.Qf4 Nh5 24.Qg4 Nf6 25.Qf4  1/2-1/2

[Event "ch-USA 2014"]
[Site "Saint Louis USA"]
[Date "2014.05.12"]
[Round "5.2"]
[White "Gareev,T"]
[Black "Akobian,V"]
[Result "0-1"]
[WhiteElo "2653"]
[BlackElo "2643"]

1.d4 e6 2.c4 Nf6 3.Nc3 d5 4.cxd5 exd5 5.Bg5 c6 6.Qc2 Be7 7.e3 Nbd7 8.h3 Ne4
9.Bf4 Bd6 10.Bxd6 Nxd6 11.Bd3 Qg5 12.Nf3 Qf6 13.O-O Nb6 14.e4 dxe4 15.Nxe4 Nxe4
16.Bxe4 g6 17.Qc5 Qe7 18.Rfe1 Be6 19.Ng5 Qxc5 20.dxc5 Nd7 21.b4 O-O-O 22.Bf3 Rhe8
23.Nxh7 f6 24.Bg4 f5 25.Bf3 Bc4 26.Rxe8 Rxe8 27.a3 a5 28.Kh2 Ne5 29.bxa5 Nd3
30.Ng5 Nxf2 31.Rc1 Ba6 32.Rc3 Nd3 33.h4 Kd7 34.Nh3 Re5 35.Kg3 Nxc5 36.Kf4 Kd6
37.Ng5 Re7 38.h5 gxh5 39.Kxf5 Bd3+ 40.Kf4 Bg6 41.Kg3 Ne4+ 42.Nxe4+ Bxe4 43.Kh4 Bxf3
44.Rxf3 Rh7 45.a4 Ke5 46.g3 c5 47.Kg5 c4 48.Kg6 Rc7 49.Kxh5 c3 50.Rf1 c2
51.Rc1 Kd4 52.g4 Kc3  0-1